Анализ и выбор оптимальной технологической схемы производства полиизобутилена; Химия и химическая технология в XXI веке; Т. 2

Dettagli Bibliografici
Parent link:Химия и химическая технология в XXI веке: материалы XXIV Международной научно-практической конференции студентов и молодых ученых имени выдающихся химиков Л. П. Кулёва и Н. М. Кижнера, посвященной 85-летию со дня рождения профессора А. В. Кравцова, Томск, 15-19 мая 2023 г./ Национальный исследовательский Томский политехнический университет (ТПУ) ; Инженерная школа природных ресурсов ; Инженерная школа новых производственных технологий ; Исследовательская школа химических и биомедицинских технологий ; Инженерная школа ядерных технологий.— , 2023
Т. 2.— 2023.— [С. 325-326]
Autore principale: Базилева А. А.
Ente Autore: Национальный исследовательский Томский политехнический университет Инженерная школа природных ресурсов Отделение химической инженерии
Altri autori: Волгина Т. Н. Татьяна Николаевна (научный руководитель)
Riassunto:Заглавие с титульного экрана
Lingua:russo
Pubblicazione: 2023
Serie:Химическая технология полимерных материалов
Soggetti:
Accesso online:http://earchive.tpu.ru/handle/11683/76751
Natura: Elettronico Capitolo di libro
KOHA link:https://koha.lib.tpu.ru/cgi-bin/koha/opac-detail.pl?biblionumber=636052

MARC

LEADER 00000naa2a2200000 4500
001 636052
005 20231101133907.0
035 |a (RuTPU)RU\TPU\conf\37909 
035 |a RU\TPU\conf\37908 
090 |a 636052 
100 |a 20230627d2023 k y0rusy50 ca 
101 0 |a rus 
102 |a RU 
105 |a y z 101zy 
135 |a drgn ---uucaa 
181 0 |a i  
182 0 |a b 
200 1 |a Анализ и выбор оптимальной технологической схемы производства полиизобутилена  |f А. А. Базилева  |g науч. рук. Т. Н. Волгина 
203 |a Текст  |c электронный 
225 1 |a Химическая технология полимерных материалов 
230 |a 1 компьютерный файл (pdf; 1 406 Kb) 
300 |a Заглавие с титульного экрана 
320 |a [Библиогр.: с. 326 (2 назв.)] 
461 1 |0 (RuTPU)RU\TPU\conf\37590  |t Химия и химическая технология в XXI веке  |o материалы XXIV Международной научно-практической конференции студентов и молодых ученых имени выдающихся химиков Л. П. Кулёва и Н. М. Кижнера, посвященной 85-летию со дня рождения профессора А. В. Кравцова, Томск, 15-19 мая 2023 г.  |o в 2 т.  |f Национальный исследовательский Томский политехнический университет (ТПУ) ; Инженерная школа природных ресурсов ; Инженерная школа новых производственных технологий ; Исследовательская школа химических и биомедицинских технологий ; Инженерная школа ядерных технологий  |d 2023 
463 1 |0 (RuTPU)RU\TPU\conf\37592  |t Т. 2  |v [С. 325-326]  |d 2023 
610 1 |a труды учёных ТПУ 
610 1 |a электронный ресурс 
610 1 |a анализ 
610 1 |a выбор 
610 1 |a технологические схемы 
610 1 |a производство 
610 1 |a полиизобутилены 
610 1 |a катализаторы 
610 1 |a полимеризация 
700 1 |a Базилева  |b А. А. 
702 1 |a Волгина  |b Т. Н.  |c химик  |c доцент Томского политехнического университета, кандидат химических наук  |f 1975-  |g Татьяна Николаевна  |2 stltpush  |4 727 
712 0 2 |a Национальный исследовательский Томский политехнический университет  |b Инженерная школа природных ресурсов  |b Отделение химической инженерии  |h 8085  |2 stltpush  |3 (RuTPU)RU\TPU\col\23513 
801 2 |a RU  |b 63413507  |c 20230802  |g RCR 
856 4 |u http://earchive.tpu.ru/handle/11683/76751 
942 |c BK